=LDR 00000nam 2200000 4500 =001 INLIS000000000061015 =005 20220602080433 =035 ##$$a 0010-0622000005 =007 ta =008 220602###########################0#ind## =020 ##$$a 978-602-02-1394-0 =082 ##$$a 302.3 =084 ##$$a 302.3 Chr n =100 #$$a Christian F. Guswai =245 1#$$a Negotition for Ritail Business /$c Christian F. Guswai =260 ##$$a Jakarta :$b Elex Media Kompuntindo,$c 2013 =300 ##$$a xi, 117 ; $c 21 Cm. =650 #4$$a Negosiasi =990 ##$$a 20432043